00834nam a2200253Ia 4500003000400000005001700004006001800021007000300039008004100042020001500083024000900098037002600107040001800133041001300151082003100164110005300195245010400248260002400352300001400376490010800390650001500498650001400513700005300527OSt20220927120102.0a|||||r|||| 00| 0ta220926b |||||||| |||| 00| 0 eng d a9211168074 a8139 cReference Collections aRTLcRTLbeng 2engaeng a"Y:5231.5.P, P2.1-P2.2/UN" a"United Nations, economic commission for europe" 0aDynamics of fertility and partnership in Europeb Insights and lessons from comparative research.2V aNbY U N c2002 a238pccm. vV1: Ed by Miroslav and Gijs Beets (159p)a"United Nations, Economic Commission for Europe, Publication" a Sociology aFertility a"United Nations, economic commission for europe"